[Event "HUN-chT2 Asztalos 1516"]
[Site "Hungary"]
[Date "2016.02.28"]
[Round "8.7"]
[White "Mezei, Szilard"]
[Black "Palfi, Peter"]
[Result "1-0"]
[WhiteElo "1756"]
[BlackElo "1797"]
[PlyCount "71"]
[EventDate "2015.09.13"]
[EventType "team-tourn"]
[EventRounds "11"]
[EventCountry "HUN"]
[SourceTitle "EXT 2017"]
[Source "ChessBase"]
[SourceDate "2016.10.25"]
[SourceVersion "1"]
[SourceVersionDate "2016.10.25"]
[SourceQuality "1"]
[WhiteTeam "Kiraly Sakk"]
[BlackTeam "Marcali"]
[WhiteTeamCountry "HUN"]
[BlackTeamCountry "HUN"]

1. e4 e5 2. Nf3 Nc6 3. Bb5 Bc5 4. 0-0 Nge7 5. c3 Ng6 6. d4 exd4 7. cxd4 Bb6 8. Nc3 0-0 9. a3 d6 10. h3 Kh8 11. Nd5 Nh4 12. Ng5 g6 13. Nxb6 axb6 14. d5 Na7 15. Bc4 f5 16. Bd2 f4 17. Bc3+ Kg8 18. Qd4 Nf3+ 19. Nxf3 Kf7 20. e5 Rg8 21. e6+ Ke8 22. Qxf4 Rf8 23. Qh6 Qe7 24. b4 c6 25. Rfe1 cxd5 26. Bxd5 Nc6 27. b5 Na5 28. Bd4 Rf5 29. Be4 Rxb5 30. Rab1 Rxb1 31. Bxb1 Nc6 32. Bxg6+ hxg6 33. Qxg6+ Kf8 34. Ng5 Qc7 35. e7+ Qxe7 36. Nh7+ 1-0

[Event "HUN-chT2 Asztalos 1516"]
[Site "Hungary"]
[Date "2016.02.14"]
[Round "7.7"]
[White "Gyorgy, Gergely"]
[Black "Mezei, Szilard"]
[Result "1-0"]
[WhiteElo "1797"]
[BlackElo "1756"]
[PlyCount "79"]
[EventDate "2015.09.13"]
[EventType "team-tourn"]
[EventRounds "11"]
[EventCountry "HUN"]
[SourceTitle "EXT 2017"]
[Source "ChessBase"]
[SourceDate "2016.10.25"]
[SourceVersion "1"]
[SourceVersionDate "2016.10.25"]
[SourceQuality "1"]
[WhiteTeam "Komlo Banyasz"]
[BlackTeam "Kiraly Sakk"]
[WhiteTeamCountry "HUN"]
[BlackTeamCountry "HUN"]

1. e4 e5 2. Nf3 Nf6 3. d4 Nxe4 4. Bd3 d5 5. Nxe5 Bb4+ 6. c3 Bd6 7. 0-0 0-0 8. f4 c5 9. Be3 f6 10. Bxe4 Bxe5 11. Bxh7+ Kxh7 12. Qh5+ Kg8 13. fxe5 Qe8 14. Qf3 Be6 15. exf6 Rxf6 16. Qe2 Bg4 17. Qd2 Re6 18. Re1 c4 19. Na3 Bf5 20. Bg5 Be4 21. Qf4 a6 22. Re3 Nd7 23. Rae1 Qg6 24. Nxc4 dxc4 25. Rxe4 Rxe4 26. Rxe4 Rf8 27. Qg4 Nf6 28. Qe6+ Kh7 29. Bxf6 Qxf6 30. Qxf6 Rxf6 31. g4 Rb6 32. Re2 Kg6 33. Kg2 Kf7 34. h4 g6 35. Kg3 Rb5 36. Kf4 Kf6 37. Ke4 Ke6 38. Rd2 Rd5 39. Rf2 Rb5 40. g5 1-0

[Event "HUN-chT2 Asztalos 1516"]
[Site "Hungary"]
[Date "2015.11.29"]
[Round "5.8"]
[White "Mezei, Szilard"]
[Black "Rot, Norbert"]
[Result "1/2-1/2"]
[WhiteElo "1756"]
[BlackElo "1823"]
[PlyCount "113"]
[EventDate "2015.09.13"]
[EventType "team-tourn"]
[EventRounds "11"]
[EventCountry "HUN"]
[SourceTitle "CBM 170 Extra"]
[Source "ChessBase"]
[SourceDate "2016.02.25"]
[SourceVersion "1"]
[SourceVersionDate "2016.02.25"]
[SourceQuality "1"]
[WhiteTeam "Kiraly Sakk"]
[BlackTeam "Pet"]
[WhiteTeamCountry "HUN"]
[BlackTeamCountry "HUN"]

1. e4 c5 2. d4 cxd4 3. c3 d3 4. Bxd3 Qc7 5. Nf3 d6 6. Bf4 Nc6 7. 0-0 Nf6 8. Na3 a6 9. Nc4 b5 10. Ne3 e6 11. h3 Bb7 12. c4 Nb4 13. cxb5 Nxd3 14. Qxd3 Bxe4 15. Qe2 axb5 16. Qxb5+ Qc6 17. Qxc6+ Bxc6 18. Nd4 Bd7 19. Ne2 Nh5 20. Bh2 Be7 21. g4 Nf6 22. Rfc1 Bb5 23. Nd4 Ba6 24. b4 e5 25. Nc6 Bb5 26. g5 Ne4 27. h4 Kd7 28. Nxe7 Kxe7 29. Nd5+ Kd8 30. Rc7 Rc8 31. Ra7 Bc6 32. Ne3 Rc7 33. Rxc7 Kxc7 34. a4 Kb6 35. Nc4+ Kc7 36. b5 Bd5 37. Ne3 Be6 38. a5 Ra8 39. Kf1 Nd2+ 40. Ke2 Nb3 41. Ra3 Rxa5 42. Rxa5 Nxa5 43. f4 f6 44. f5 Bc4+ 45. Kd2 fxg5 46. hxg5 Bxb5 47. f6 gxf6 48. Nd5+ Kd8 49. Nxf6 Ke7 50. Nxh7 Kf7 51. Nf6 Kg6 52. Ne4 Nc4+ 53. Kc3 d5 54. Nf6 d4+ 55. Kb4 Ba6 56. Nd7 d3 57. Kc3 1/2-1/2

[Event "HUN-chT U18"]
[Site "Budapest"]
[Date "2015.08.26"]
[Round "1.37"]
[White "Markoja, Boris"]
[Black "Mezei, Szilard"]
[Result "1-0"]
[WhiteElo "2310"]
[BlackElo "1756"]
[PlyCount "61"]
[EventDate "2015.08.26"]
[EventType "team-swiss"]
[EventRounds "8"]
[EventCountry "HUN"]
[SourceTitle "EXT 2016"]
[Source "ChessBase"]
[SourceDate "2015.10.08"]
[SourceVersion "1"]
[SourceVersionDate "2015.10.08"]
[SourceQuality "1"]

1. c4 Nf6 2. g3 e6 3. Bg2 d5 4. Nf3 Bd6 5. 0-0 0-0 6. b3 Nbd7 7. Bb2 c6 8. d3 e5 9. cxd5 Nxd5 10. Nbd2 f6 11. d4 Re8 12. Nc4 Bc7 13. dxe5 Nxe5 14. Nfxe5 fxe5 15. e4 Nf6 16. Qxd8 Rxd8 17. Bxe5 Bxe5 18. Nxe5 Re8 19. f4 Ng4 20. Nxg4 Bxg4 21. h3 Be6 22. e5 Rad8 23. Rad1 Rxd1 24. Rxd1 Re7 25. g4 Rd7 26. Rxd7 Bxd7 27. Kf2 Kf8 28. Ke3 Ke7 29. f5 b6 30. Kf4 Be8 31. g5 1-0

[Event "HUN-chT2 Asztalos 1415"]
[Site "Hungary"]
[Date "2015.04.26"]
[Round "9"]
[White "Guricza, Zoltan"]
[Black "Mezei, Szilard"]
[Result "0-1"]
[WhiteElo "1640"]
[BlackElo "1661"]
[PlyCount "92"]
[EventDate "2014.10.12"]
[EventType "team-tourn"]
[EventRounds "9"]
[EventCountry "HUN"]
[SourceTitle "EXT 2016"]
[Source "ChessBase"]
[SourceDate "2015.10.08"]
[SourceVersion "1"]
[SourceVersionDate "2015.10.08"]
[SourceQuality "1"]
[WhiteTeam "Marcali"]
[BlackTeam "Dunaujvaros"]
[WhiteTeamCountry "HUN"]
[BlackTeamCountry "HUN"]

1. e4 c5 2. Nf3 Nc6 3. Bc4 e6 4. c3 d5 5. exd5 exd5 6. Bb5 Bd7 7. 0-0 Be7 8. Bxc6 bxc6 9. Ne5 Nf6 10. Nxd7 Qxd7 11. d3 Rb8 12. Nd2 0-0 13. b3 Bd6 14. Nf3 Rfe8 15. Bg5 Qf5 16. Bxf6 Qxf6 17. Qd2 Bf4 18. Qc2 Re7 19. Rfe1 Rbe8 20. Rxe7 Rxe7 21. g3 Bc7 22. Re1 Qd6 23. Rxe7 Qxe7 24. c4 Bb6 25. Qd2 Qe6 26. Qe3 Qxe3 27. fxe3 f6 28. Kf2 Kf7 29. g4 Ke6 30. h4 g6 31. Nd2 h5 32. gxh5 gxh5 33. Kf3 Ba5 34. Nf1 Be1 35. Ng3 Bxg3 36. Kxg3 Ke5 37. Kf3 f5 38. a3 a5 39. Ke2 d4 40. exd4+ Kxd4 41. Kd2 f4 42. Ke2 Kc3 43. Kf3 Kxb3 44. Kxf4 Kxa3 45. Kg5 Kb3 46. Kxh5 a4 0-1

[Event "HUN-chT2 Asztalos 1314"]
[Site "Hungary"]
[Date "2013.11.03"]
[Round "4"]
[White "Mezei, Szilard"]
[Black "Palotas, Karoly"]
[Result "1-0"]
[WhiteElo "1638"]
[BlackElo "1847"]
[PlyCount "71"]
[EventDate "2013.09.08"]
[EventType "team-tourn"]
[EventRounds "9"]
[EventCountry "HUN"]
[SourceTitle "EXT 2016"]
[Source "ChessBase"]
[SourceDate "2015.10.08"]
[SourceVersion "1"]
[SourceVersionDate "2015.10.08"]
[SourceQuality "1"]
[WhiteTeam "Kiraly Sakk"]
[BlackTeam "Marcali"]
[WhiteTeamCountry "HUN"]
[BlackTeamCountry "HUN"]

1. e4 c6 2. d4 d5 3. e5 Bf5 4. Ne2 e6 5. Ng3 Bg6 6. Be2 Qc7 7. 0-0 Nd7 8. Nd2 c5 9. f4 Ne7 10. Nf3 Nf5 11. Nxf5 Bxf5 12. Bd3 g6 13. Bxf5 gxf5 14. c3 Be7 15. a3 c4 16. Ng5 Nf8 17. Kh1 h6 18. Qh5 Bxg5 19. fxg5 Ng6 20. gxh6 0-0-0 21. Bg5 Rdg8 22. Rab1 Kd7 23. b3 b6 24. g4 Rh7 25. gxf5 exf5 26. Rxf5 cxb3 27. Qh3 Ke8 28. Rxb3 Qd7 29. Qf1 Ne7 30. Bxe7 Kxe7 31. Rb2 Rg6 32. Rbf2 Ke8 33. Rf6 Rgxh6 34. e6 Qc7 35. Qb5+ Kd8 36. Qxd5+ 1-0

[Event "Dunaujvaros op"]
[Site "Dunaujvaros"]
[Date "2013.10.13"]
[Round "6"]
[White "Mezei, Szilard"]
[Black "Losonczi, Marcell"]
[Result "1-0"]
[WhiteElo "1651"]
[BlackElo "1336"]
[PlyCount "61"]
[EventDate "2013.10.11"]
[EventType "swiss"]
[EventRounds "6"]
[EventCountry "HUN"]
[SourceTitle "EXT 2019"]
[Source "ChessBase"]
[SourceDate "2018.10.10"]
[SourceVersion "1"]
[SourceVersionDate "2018.10.10"]
[SourceQuality "1"]

1. e4 e5 2. Nf3 Nc6 3. Bb5 a6 4. Ba4 Nf6 5. 0-0 b5 6. Bb3 Bc5 7. Re1 0-0 8. c3 Bb6 9. d4 d6 10. h3 h6 11. a4 Bb7 12. d5 Na5 13. Bc2 c6 14. b4 Nc4 15. a5 Ba7 16. dxc6 Bxc6 17. Nbd2 Nxd2 18. Nxd2 Rc8 19. Bb3 Qe7 20. c4 Rfd8 21. cxb5 Bxb5 22. Nf1 Bd4 23. Ra2 d5 24. exd5 Nxd5 25. Bxd5 Rxd5 26. Qg4 Kh8 27. Qxc8+ Rd8 28. Qc2 Bd3 29. Qd1 Bc4 30. Rd2 Qf6 31. Ne3 1-0

[Event "Dunaujvaros op"]
[Site "Dunaujvaros"]
[Date "2013.10.12"]
[Round "4"]
[White "Mezei, Szilard"]
[Black "Csatari, Dominik"]
[Result "1/2-1/2"]
[WhiteElo "1651"]
[BlackElo "1605"]
[PlyCount "24"]
[EventDate "2013.10.11"]
[EventType "swiss"]
[EventRounds "6"]
[EventCountry "HUN"]
[SourceTitle "EXT 2019"]
[Source "ChessBase"]
[SourceDate "2018.10.10"]
[SourceVersion "1"]
[SourceVersionDate "2018.10.10"]
[SourceQuality "1"]

1. e4 e6 2. d4 d5 3. e5 c5 4. c3 Nc6 5. Nf3 Qb6 6. a3 c4 7. Nbd2 Na5 8. Be2 Ne7 9. Qc2 Ng6 10. g3 Be7 11. Rb1 Bd7 12. Bd1 Rc8 1/2-1/2

[Event "Dunaujvaros op"]
[Site "Dunaujvaros"]
[Date "2013.10.11"]
[Round "1"]
[White "Radics, Nora"]
[Black "Mezei, Szilard"]
[Result "0-1"]
[WhiteElo "1255"]
[BlackElo "1651"]
[PlyCount "28"]
[EventDate "2013.10.11"]
[EventType "swiss"]
[EventRounds "6"]
[EventCountry "HUN"]
[SourceTitle "EXT 2019"]
[Source "ChessBase"]
[SourceDate "2018.10.10"]
[SourceVersion "1"]
[SourceVersionDate "2018.10.10"]
[SourceQuality "1"]

1. e4 c5 2. Nf3 Nc6 3. d4 cxd4 4. Nxd4 Qb6 5. Nb3 Nf6 6. Be3 Qc7 7. Nc3 e6 8. Nb5 Qb8 9. Bc5 Bxc5 10. Nxc5 d5 11. exd5 Qe5+ 12. Qe2 Qxb2 13. Rd1 Nb4 14. c3 Nc2+ 0-1